000 00843nam a22002417a 4500
008 180605b xxu||||| |||| 00| 0 eng d
010 _aB-120527
020 _c300.00
035 _aB-120527
035 _aB-120527
037 _bBPPD/PUB
040 _adpl
_bEnglish
082 _a530
100 _aAgarwal, D.K.
245 _aDisha's objective physics for IIT / AIEEE and other entrance exams /
_cby D.K. Agarwal [and] Sunil Batra
250 _a3rd ed.
260 _aNew Delhi
_bDisha Publications
_c2005
300 _av. 672p.
_c25cm (pbk)
300 _aVarious pagings
_c25cm (pbk)
700 _aBatra, Sunil
942 _adpl
_cEN
_2ddc
_h530
_mAGA
999 _c152537
_d152537